Colorful days. (Record no. 6568)
[ view plain ]
| 000 -LEADER | |
|---|---|
| fixed length control field | 01036cam a2200349 a 4500 |
| 001 - CONTROL NUMBER | |
| control field | 6568 |
| 003 - CONTROL NUMBER IDENTIFIER | |
| control field | FISKH |
| 005 - DATE AND TIME OF LATEST TRANSACTION | |
| control field | 20250512104509.0 |
| 008 - FIXED-LENGTH DATA ELEMENTS--GENERAL INFORMATION | |
| fixed length control field | 030224s2003 nyua a 001 0 eng |
| 010 ## - LIBRARY OF CONGRESS CONTROL NUMBER | |
| LC control number | 2003004139 |
| 020 ## - INTERNATIONAL STANDARD BOOK NUMBER | |
| International Standard Book Number | 0789497999 (pbk.) |
| 020 ## - INTERNATIONAL STANDARD BOOK NUMBER | |
| International Standard Book Number | 9780789497994 |
| 020 ## - INTERNATIONAL STANDARD BOOK NUMBER | |
| International Standard Book Number | 0789497980 (paper laminated cover) |
| 040 ## - CATALOGING SOURCE | |
| Original cataloging agency | DLC |
| Transcribing agency | DLC |
| Modifying agency | DLC |
| Language of cataloging | eng |
| 050 ## - LIBRARY OF CONGRESS CALL NUMBER | |
| Classification number | PZ7 .C71638 |
| 082 ## - DEWEY DECIMAL CLASSIFICATION NUMBER | |
| Classification number | 535.6 |
| 100 ## - MAIN ENTRY--PERSONAL NAME | |
| Personal name | Anonymous |
| 245 00 - TITLE STATEMENT | |
| Title | Colorful days. |
| 260 ## - PUBLICATION, DISTRIBUTION, ETC. | |
| Place of publication, distribution, etc. | New York : |
| Name of publisher, distributor, etc. | DK, |
| Date of publication, distribution, etc. | 2003. |
| 300 ## - PHYSICAL DESCRIPTION | |
| Extent | 32 pages : |
| Other physical details | color illustrations ; |
| Dimensions | 23 cm |
| 490 1# - SERIES STATEMENT | |
| Series statement | DK readers. Pre-level 1, Learning to read |
| 500 ## - GENERAL NOTE | |
| General note | Includes index. |
| 505 ## - FORMATTED CONTENTS NOTE | |
| Formatted contents note | G<br/> |
| 520 ## - SUMMARY, ETC. | |
| Summary, etc. | Explores a variety of colors seen in the different seasons from winter through spring and summer to fall. |
| 521 8# - TARGET AUDIENCE NOTE | |
| Target audience note | 300<br/> |
| Source | Lexile estimate<br/> |
| 521 8# - TARGET AUDIENCE NOTE | |
| Target audience note | G<br/><br/> |
| Source | Raz-Plus<br/> |
| 650 #1 - SUBJECT ADDED ENTRY--TOPICAL TERM | |
| Topical term or geographic name entry element | Color |
| Form subdivision | Fiction. |
| 650 #1 - SUBJECT ADDED ENTRY--TOPICAL TERM | |
| Topical term or geographic name entry element | Seasons |
| Form subdivision | Fiction. |
| 906 ## - LOCAL DATA ELEMENT F, LDF (RLIN) | |
| a | 7 |
| b | cbc |
| c | orignew |
| d | 1 |
| e | ecip |
| f | 20 |
| g | y-gencatlg |
| 942 ## - ADDED ENTRY ELEMENTS (KOHA) | |
| Source of classification or shelving scheme | Dewey Decimal Classification |
| Koha item type | Books |
| Suppress in OPAC | No |
| Withdrawn status | Lost status | Source of classification or shelving scheme | Damaged status | Not for loan | Collection | Home library | Current library | Shelving location | Date acquired | Total Checkouts | Full call number | Barcode | Date last seen | Date last checked out | Copy number | Price effective from | Koha item type |
|---|---|---|---|---|---|---|---|---|---|---|---|---|---|---|---|---|---|
| Dewey Decimal Classification | Juvenile Fiction | Footprints International School Library Network Toul Kork Campus | Footprints International School Library Network Toul Kork Campus | TK Primary Library Room(4th Floor), Bookcase 7, Shelves 57-60, Dark Green Books | 05/12/2025 | 1 | ANO 535.6 PZ7 .C71638 | FISTK01434 | 11/11/2025 | 09/04/2025 | 1 | 05/12/2025 | Books |
